• 首页
  • 本馆介绍
  • 公告通知
  • 最新文献
  • 馆藏检索
  • 电子资源
  • 读者导购
  • 参考咨询
  • 我的图书馆
  • 登录
  • 详细信息显示
  • 放入我的书架
  • 预约/预借图书
  • 作者相关作品
  • 分类相关作品
  • 丛书相关作品
  • 出版社相关作品

书目信息

  • 表格格式
  • 工作单格式
  • 卡片格式
题名:
电子商务网站实训教程
    
 
作者: 李海凤 , 李宏力 , 孙华峰 编著
分册:  
出版信息: 北京   中国铁道出版社  2006
页数: 236页
开本: 26cm
丛书名:
单 册:
中图分类: TP393.409.2 , F713.36
科图分类:
主题词: 电子商务 , 网站 , 电子商务--网站--建设--高等学校--教材
电子资源:
ISBN: 7-113-07351-4
000 01153nam0 2200313 450
000 01159nam0 2200313 450
000 01089nam0 2200289 450
000 01053nam0 2200277 45
005 20070606074811.82
010    @a7-113-07351-4@dCNY21.00
100    @a20070518d2006 em y0chiy0120 ea
101 0  @achi
102    @aCN@b110000
105    @ay z 000yy
200 1  @a电子商务网站实训教程@ADian Zi Shang Wu Wang Zhan Shi Xun Jiao Cheng@f李海凤,李宏力,孙华峰编著@FLi Hai Feng, Li Hong Li, Sun Hua Feng Bian Zhu
210    @a北京@c中国铁道出版社@d2006
215    @a236页@d26cm
300    @a21世纪高校计算机应用技术系列规划教材@f谭浩强主编实训教程系列
330    @a本书系统地介绍了电子商务网站的基础知识、技术及应用,共9章,内容包括构建商务网站的运行环境、ASP使用基础、在线商城等。
606 0  @a电子商务
606 0  @a网站
606 0  @a电子商务@x网站@x建设@x高等学校@j教材
690    @aTP393.409.2@v4
690    @aF713.36@v4
701  0 @a李海凤@ALi Hai Feng@c(计算机)@4编著
701  0 @a李宏力@ALi Hong Li@4编著
701  0 @a孙华峰@ASun Hua Feng@c(计算机)@4编著
801  0 @aCN@bTAOJIN@c20070606
905    @a10447@dF713.36@e298
    
    电子商务网站实训教程/李海凤,李宏力,孙华峰编著.-北京:中国铁道出版社,2006
    236页;26cm
    21世纪高校计算机应用技术系列规划教材
    
    ISBN 7-113-07351-4:CNY21.00
    本书系统地介绍了电子商务网站的基础知识、技术及应用,共9章,内容包括构建商务网站的运行环境、ASP使用基础、在线商城等。
●
相关链接 在E读中查询图书 在五车中查询图书 在当当中查询图书 在豆瓣中查询图书


正题名:电子商务网站实训教程     索取号:F713.36/298         预约/预借

序号 登录号 条形码 馆藏地/架位号 状态 备注
1 0525791   205257915   第一样本阅览室/ [索取号:F713.36/298] 在馆    
2 0525792   205257924   第一借阅区/ [索取号:F713.36/298] 在馆    
3 0525793   205257933   第一借阅区/ [索取号:F713.36/298] 在馆    
4 0525794   205257942   第一借阅区/ [索取号:F713.36/298] 在馆    
5 0525795   205257951   密集书库/ [索取号:F713.36/298] 在馆    
6 0525796   205257960   密集书库/ [索取号:F713.36/298] 在馆    
7 0525797   205257979   第一借阅区/ [索取号:F713.36/298] 在馆    
8 0525798   205257988   密集书库/ [索取号:F713.36/298] 在馆    
唐山师范学院图书馆 欢迎您!
大连网信软件有限公司© 版权所有